000 00283nam a2200133 i 4500
001 bg
245 4 _aThe encyclopedia of chemistry.
260 _aNew York,
_c1957.
040 _cBPK
041 _apol
080 _a54(03)
942 _cKS
008 s pl f |000 0 pol
999 _c8320
_d8320
856 _uhttp://koha.tu.koszalin.pl/cgi-bin/koha/opac-detail.pl?biblionumber=8320
_yKatalog online BPK